Rozpoznaj przebranie do kruka - Statystyki

Ogólne statystyki
  • Ten quiz został rozwiązany 60 razy
  • Średni wynik to 6 z 9
Statystyki odpowiedzi
Obrazkowy Odpowiedź % Poprawnych
Mecha Kruk
100%
Srebrny Kruk
91%
Złoty Kruk
91%
Złoty Mecha Kruk
82%
Feniks Kruk
73%
Biały Kruk
64%
Kościany Kruk
36%
Kapitan Kruk
27%
Nocny Mecha Kruk
27%
Nie znaleziono quizów pasujących do podanych kryteriów
Rozkład punktacji
Procent ludzi z każdym wynikiem
Percentyl według liczby udzielonych odpowiedzi
Twoja historia wyników
Nie rozwiązałeś tego quizu